Authors' New Jobs Quiz Stats

 Plays Quiz Updated Jul 4, 2019

Score 0/20 Timer 05:00
10 Plays Today
% Correct
Lewis Carroll
93.3%
Dan Brown
92.8%
Roald Dahl
92.7%
Beatrix Potter
92.1%
H. G. Wells
92%
Anne Rice
91.9%
Robert Frost
91.5%
Stephen Hawking
91.5%
Nicholas Sparks
91.2%
Stephen King
90.8%
% Correct
Arthur Miller
90.7%
Danielle Steel
90.7%
Virginia Woolf
90.2%
Richard Scarry
88.1%
Raymond Carver
87.1%
Norman Vincent Peale
86.5%
Saul Bellow
85.7%
Katherine Anne Porter
84.8%
John Kennedy Toole
83.6%
Gertrude Stein
82.4%

You're not logged in!

Compare scores with friends on all Sporcle quizzes.
OR
Log In

Sporcle TV

Today on Sporcle TV


Watch our educational content, quiz creation guides, and fun videos on Sporcle TV.

Show Comments

Extras

Top Quizzes Today


Score Distribution

Your Account Isn't Verified!

In order to create a playlist on Sporcle, you need to verify the email address you used during registration. Go to your Sporcle Settings to finish the process.

Report this User

Report this user for behavior that violates our Community Guidelines.

Details: